| 000 | 00714cam a2200265 4500 | ||
|---|---|---|---|
| 001 | J3757 | ||
| 008 | 090401t1996 xxu||||| |||| 00| 0 eng d | ||
| 035 | _a(Sirsi) u56838 | ||
| 041 | _aeng | ||
| 050 | _a333.337 | ||
| 110 |
_aGrimley _92421 |
||
| 245 | _aSurvey of property confidence and future requirements. - Summer 1996 | ||
| 260 |
_aLondon _bGrimley _c1996 |
||
| 300 | _a1 pt. ; 30cm. | ||
| 350 | _a0 | ||
| 650 | _aCOMPANIES | ||
| 650 | _aOCCUPIERS REQUIREMENTS | ||
| 650 | _aPROPERTY ASSETS | ||
| 650 | _aPROPERTY CONFIDENCE | ||
| 650 | _aPROPERTY HOLDINGS | ||
| 690 | _aPROPERTY-COMMERCIAL PROPERTY | ||
| 710 |
_aConfederation of British Industry _9414 |
||
| 942 | _n0 | ||
| 948 | _c04/03/1997 | ||
| 999 |
_c93834 _d93834 |
||